Vojensko-politické aspekty pobytu americkej armády v ČSR v roku 1945

Bibliographic Details
Main Author: Michálek, Slavomír, 1961- (Author)
Format: Article
Language:Slovak
ISSN:1335-3314
Subjects:

MARC

LEADER 00000nab a2200000 a 4500
001 vtls000785537
003 SK-MaSNL
005 20260304123326.0
008 250429c2001 xo 0b slo
015 |a SNBRB2002/03-08153 
035 |a CLN000137202 
035 |a (urnnbn)urn:nbn:sk:snk:ar-a084nx 
035 |a (uuid)d66120c8-4cb4-49a2-9f51-efcd846ba690 
035 |a urn:nbn:sk:snk-ab8d1y 
040 |a SNKBUCL  |b slo  |c SNKBUCL  |e AACR2 
041 0 |a slo 
044 |a xo  |c SK 
080 |a 943.7"1945":973  |2 1997 
080 |a 973"1945":943.7  |2 1997 
080 |a 355/359(73)"1945"  |2 1997 
080 |a 940.53  |2 1997 
100 1 |a Michálek, Slavomír,  |d 1961-  |4 aut  |9 92938 
245 1 0 |a Vojensko-politické aspekty pobytu americkej armády v ČSR v roku 1945  |c Slavomír Michálek 
500 |a Poznámky pod čiarou 
504 |a Res. nem. 
504 |a Bibliogr. odkazy 
610 1 7 |a Spojené štáty americké.  |b Army  |2 snkbucl  |9 110886 
648 7 |a 1945  |2 snkbucl  |9 287702 
650 0 7 |a druhá svetová vojna (1939-1945)  |2 snkbucl  |9 169657 
650 0 7 |a pozemné vojsko  |2 snkbucl  |9 71080 
651 7 |a Československo  |x dejiny  |y 1945  |2 snkbucl  |9 161431 
651 7 |a Spojené štáty americké  |x dejiny  |y 1945  |2 snkbucl  |9 1431963 
655 7 |a články z novín a časopisov  |2 snkbucl  |9 267496 
773 0 |t Vojenská história  |g Roč. 5, č. 4 (2001), s. 54-61  |x 1335-3314 
850 |a Slovenská národná knižnica 
852 |a Slovenská národná knižnica 
954 |a odborná, vedecká literatúra pôvodná (slovenská)  |2 lita 
958 |a article9 
958 |a OS 
958 |a NB 
958 |a OND 
958 |a EUIPO 
992 |a RBX 
999 |c 2889367  |d 2891297